| 000 | 00569 a2200181 4500 | ||
|---|---|---|---|
| 020 | _a0471465852 | ||
| 040 | _aDLC | ||
| 082 | 0 | 0 | _a621.38159 |
| 100 | _aSchreier, Richard | ||
| 110 | _aTemes, Gabor C | ||
| 245 | 1 | 0 |
_aUnderstanding delta-sigma data converters _cRichard Schreier |
| 260 |
_aPiscataway, NJ : _bIEEE Press ; _aHoboken, N.J. ; _aChichester : _bWiley ; _cc2005. |
||
| 300 |
_axii, 446 p. : _bill. ; _c24 cm. |
||
| 650 | 0 | _aDigital-to-analog converters. | |
| 650 | 0 | _aModulators (Electronics) | |
| 700 | 1 | _aSchreier, Richard | |
| 942 |
_cBK _k621.38159 SCH _2ddc |
||
| 999 |
_c11001 _d11001 |
||